00843nam a22002777a 4500003000500000005001700005008004100022010001000063011001100073020001800084035001100102040000900113082002100122110000800143245014500151260002300296300004200319490004000361650001700401650002700418650001300445700002300458700002100481700002300502830004000525CHAP20220817044405.0101103s2009 it rn 00010 eng d a99652 a100624 a9789251064221 a111310 cCHAP04a639.2bF3y v.5412 aFAO10aImpact of rising feed ingredient prices on aquafeeds and aquaculture productionc/por Krishen J. Rana, Sunil Siriwardena y Mohammad R. Hasan aRome :bFAO,c2009 axii, 63 p. :bilus., gráfs., tablas 0aDocumento técnico de pescav; 54114aAcuicultura.14aPecesxAlimentación.14aPiensos.1 aHasan, Mohammad R.1 aRana, Krishen J.1 aSiriwardena, Sunil00aDocumento técnico de pescav; 541